| 000 | 00464cam a2200169ua 4500 | ||
|---|---|---|---|
| 041 |
_aeng _h |
||
| 082 |
_a621.4022 _bCEN/HE |
||
| 100 | _aCengel, Yunus A. | ||
| 245 |
_aHeat and mass transfer: a practical approach / _cyunus A cengel. _hTextual Documents |
||
| 260 |
_aNew Delhi : _bTata Mc-Graw Hill Publishing Company , _c2006. |
||
| 300 |
_a879 ; _e`. |
||
| 504 | _a | ||
| 942 | _cBK | ||
| 999 |
_c13018 _d13018 |
||